=LDR 00000nam 2200000 4500 =001 INLIS000000000003451 =005 20201210100156 =035 ##$$a 0010-061300000003451 =008 201210################g##########0#ind## =041 ##$$a Ind =082 ##$$a 320.092 =090 ##$$a 321.8, Sum a =100 ##$$a Sumitro, Sunaryo Purwo =245 1#$$a Amien rais - Megawati : $b Lokomotif reformasi srikandi demokrasi /$c Sunaryo Purwo Sumitro. -- =260 ##$$a Yogyakarta : :$b Bigraf Publishing,$c 1999 =300 ##$$a xi, 125 hlm. ; $c 13 x 18 cm =650 #4$$a Demokrasi =850 ##$$a NBPNMAT =020 ##$$a 979-8680-15-2 =084 ##$$a 320.092 SUM a =504 ##$$a Bibliografi : hlm, 123 =990 ##$$a DW99006933 =990 ##$$a DW99006934 =990 ##$$a DW99006935 =990 ##$$a DW99006936 =990 ##$$a 139.026/Pb-98 =990 ##$$a 139.025/Pb-98 =990 ##$$a 145.177/Pro-99 =990 ##$$a DW99006933 =990 ##$$a DW99006935 =990 ##$$a DW99006936 =990 ##$$a 139.026/Pb-98 =990 ##$$a 139.025/Pb-98 =990 ##$$a 145.177/Pro-99 =990 ##$$a 145.177/Pro-99 =990 ##$$a DW99006933 =990 ##$$a DW99006933 =990 ##$$a DW99006935 =990 ##$$a DW99006935 =990 ##$$a DW99006936 =990 ##$$a DW99006936 =990 ##$$a 139.026/Pb-98 =990 ##$$a 139.026/Pb-98 =990 ##$$a 139.025/Pb-98 =990 ##$$a 139.025/Pb-98